Campos de futbol de Barcelona - Estadísticas

Estadísticas generales
  • Esta prueba ha sido intentada 34 veces
  • La puntuación promedio es 25 de 72
Estadísticas de respuestas
Equipo Campo % Correcto
FC Barcelona Spotify Camp Nou
89%
UE Sant Andreu Narcís Sala
67%
RCD Espanyol RCDE Stadium
67%
FC Barcelona Estadi Olímpic Lluis Companys
63%
CE Sabadell Municipal Nova Creu Alta
56%
EF Angel Pedraza Municipal La Bascula
52%
Mercat Nou Magória Municipal Energía
44%
UA Horta CEM Horta
41%
FF Badalona Municipal Badalona
41%
Racing Sarrià EF Hristo Stoitkov Municipal La Teixonera
41%
CD Cerro Deportivo, CD Trinidad PB Trinitat Vella Camp de Futbol Trinitat Vella
37%
Racing Vallbona Camp de Futbol Vallbona
37%
CE Les Corts, PB Collblanc Sants, AF Veterans de Catalunya CEM Aristides Maillol
37%
AE Bon Pastor CEM Bon Pastor
37%
EF Guineueta CEM La Guineueta
37%
ATC Poblenou CEM Maresme
37%
CE Sant Adrià Ciutat Esportiva Dani Jarque
37%
CE l'Hospitalet Estadi Olímpic d'Hospitalet
37%
CF Terrassa Estadio Olimpico de Terrassa
37%
UE Sant Andreu Ice Camp
37%
UD Unificación Bellvitge La Feixa Llarga
37%
CF Besós Baró de Viver Municipal Baró de Viver
37%
CP Sarrià Municipal Can Carelleu
37%
CF Imperio, CF Singuerlin, Arrabal Calaf Gramanet Municipal Can Zam
37%
CD Carmelo Municipal El Carmel
37%
UE Sants, UB Catalonia, EF Angel Pedraza Municipal Iberia
37%
CFLloreda Municipal Lloreda
37%
CD Pomar Municipal Pomar
37%
FAF l'Hospitalet Municipal Pubilla Cases
37%
PB Barcino, UE Celtic Municipal Sant Martí
37%
CF Turó Peira Municipal Turó De La Peira
37%
EF Vallvidrera, Club Daumar Municipal Vallvidrera
37%
CE Europa Nou Sardenya
37%
Sant Cugat FC ZEM Jaume Tubau
37%
CE Vila Olimpica Agapito Fernandez
33%
EF Marina Almogàvers, PB UD Parc, PB Cinc Copes CEM Fort Pienc
33%
CF Jupiter CEM Jupiter
33%
CF Martinenc CEM Martinenc
33%
CD Sant Gabriel CF Sant Gabriel
33%
Gimnàstic Manresa, CF Manresa Club Gimnàstic Park
33%
UB Catalonia, PB Anguera, CF Don Bosco Escuela Industrial
33%
Tecnofutbol Fundació Esortiva Marcet
33%
PB Anguera INEF
33%
CF Barceloneta La Catalana
33%
EF Collblanc Torrassa La Torrassa
33%
Young Talent Badalona Municipal Badalona Sud
33%
CF Alzamora, CE Congrés Municipal Can Dragó
33%
UE Cornellà, FE Cornellà Municipal Cornellà
33%
UD Gornal Municipal Gornal
33%
AE La Salut Pere Gol, CF Sistrells Municipal Pere Gol
33%
FE Hospitalet Municipal Provençana
33%
FAF l'Hospitalet Municipal Santa Eulàlia
33%
GPE Manigua Municipal Vall d´Hebron
33%
CE Diagonal Diagonal UB
30%
CF La Florida Municipal La Florida
30%
Col·legi Sagrat Cor Sarrià Ampa Instal·lació sagrat cor de sarrià
22%
CF Bufalà Municipal Bufalà
22%
CF Can Buxeres Municipal Can Buxeres
22%
EF Gavà Municipal Can Torelló
22%
Escola Pia Sarrià Camp de Futbol Escola Pia de Sarria
19%
AE Prat CEM Sagnier
19%
CF Damm Ciutat Esportiva Damm
19%
CF Sant Ignasi Col·legi Sant Ignasi de Sarrià
19%
CE Mercantil Joan Murtró
19%
CF Canyelles Municipal Canyelles
19%
ATC Hospitalense Municipal l'Hospitalet Centre
19%
PB Villaverde Penitents Municipal Sant Genís
19%
Atlétic Sant Just Municipal Sant Just
19%
Assosiació Cultural Balandrau, CE Les Corts El Xaloc
15%
FE Grama Municipal Gramanet
15%
Unificación Llefia Municipal Llefia
15%
CF Montañesa Municipal Nou Barris
15%
No se encontraron pruebas coincidentes
Distribución de puntuación
Porcentaje de gente con cada puntuación
Porcentaje por número respondido
Historial de tus puntuaciones
No has intentado esta prueba.